| 000 | 00820cab a2200265 4500 | ||
|---|---|---|---|
| 001 | ABS52455 | ||
| 008 | 090401t1994 xxu||||| |||| 00| 0 eng d | ||
| 035 | _a(Sirsi) u79269 | ||
| 041 | _aeng | ||
| 100 | _aByrne, P. | ||
| 245 | _aReal estate portfolio analysis using a spreadsheet optimizer | ||
| 260 | _c1994 | ||
| 350 | _a0 | ||
| 490 |
_aJournal of Property Finance _v5(4) 1994, 19-31(7) |
||
| 520 | _aAdvocates the use of spreadsheet optimizers in assessing property investment risks. | ||
| 650 | _aPORTFOLIO ASSET ALLOCATION | ||
| 650 | _aPORTFOLIO THEORY | ||
| 650 | _aRISK AND RETURN | ||
| 650 | _aSPREADSHEET OPTIMIZERS | ||
| 650 | _aSPREADSHEETS | ||
| 690 | _aPROPERTY-COMMERCIAL PROPERTY-COMMERCIAL PROPERTY FINANCE AND INVESTMENT | ||
| 700 | _aLee, S. | ||
| 942 | _n0 | ||
| 948 | _c04/03/1997 | ||
| 999 |
_c49834 _d49834 |
||